000 00356 a2200169 4500
001 189437
020 _a85-01-05091-1
040 _cMagnum
100 _aDeane, Seamus
240 1 0 _aLendo no escuro
_lpor
245 1 0 _aLendo no escuro
300 _a236
362 0 _a1998
440 1 _aRecord
697 _aLITERATURA GERAL ESTRANGEIRA
942 _cBK
999 _c189437
_d189437